Clic en el continente correcto - Estadísticas

Estadísticas generales
  • Esta prueba ha sido intentada 4.171 veces
  • La puntuación promedio es 12 de 20
Estadísticas de respuestas
Hint Respuesta % Correcto
Continente más grande por población 3. Asia
92%
Contiene la ciudad de Moscú 5. Europa
83%
Continente más caliente por temperatura media 1. África
72%
Donde se inventó el baloncesto 6. América del Norte
70%
Continente del que forma parte Costa Rica 6. América del Norte
70%
Más tornados 6. América del Norte
70%
Tiene exactamente 2 países sin salida al mar 7. América del Sur
70%
Continente en el que están la mayoría de los 100 mejores maratonianos 1. África
69%
Continente más grande por área 3. Asia
65%
Mayor edad media de los residentes 5. Europa
64%
Edad mediana más joven de los residentes 1. África
58%
Tiene la mayor cantidad de especies de marsupiales. 4. Oceanía
58%
De donde vienen originalmente las patatas. 7. América del Sur
57%
Tiene más ovejas que personas. 4. Oceanía
52%
Tiene el mayor número de lagos. 6. América del Norte
51%
Velocidad media del viento más alta 2. Antártida
42%
Tiene la mayor cantidad de especies de aves. 7. América del Sur
37%
Mayor cantidad de producción económica. 3. Asia
31%
Menos precipitación 2. Antártida
29%
Más medallas de oro olímpicas ganadas 5. Europa
20%
No se encontraron pruebas coincidentes
Distribución de puntuación
Porcentaje de gente con cada puntuación
Porcentaje por número respondido
Historial de tus puntuaciones
No has intentado esta prueba.